Saltar al contenido
Inicio
Centros participantes
Catálogo
Servicios
Contacto
登錄
English
Deutsch
Español
Français
Italiano
日本語
Nederlands
Português
Português (Brasil)
中文(简体)
中文(繁體)
Türkçe
עברית
Gaeilge
Cymraeg
Ελληνικά
Català
Euskara
Русский
Čeština
Suomi
Svenska
polski
Dansk
slovenščina
اللغة العربية
বাংলা
Galego
Tiếng Việt
Hrvatski
हिंदी
Հայերէն
Українська
Sámegiella
語言
全文檢索
題名
作者
主題
索引號
ISBN/ISSN
標簽
檢索
高級檢索
Sistema de capacitación 1ª eta...
引用
推薦此
打印
導出紀錄
導出到 RefWorks
導出到 EndNoteWeb
導出到 EndNote
加到收藏夾
Enlace Permanente
Agregar primera valuación
Sistema de capacitación 1ª etapa: diagnóstico. Plan de acción para el diagnóstico
Guardado en:
書目詳細資料
企業作者:
Costa Rica. Oficina de Planificación Nacional y Política Económica
格式:
Texto
出版:
San José:
OFIPLAN
標簽:
添加標簽
沒有標簽, 成為第一個標記此記錄!
持有資料
實物特徵
您的評論
相似書籍
職員瀏覽
MARC
LEADER
00000 a a2200000 04500
001
15446
003
040
090
|a
019200
110
|a
Costa Rica. Oficina de Planificación Nacional y Política Económica
245
|a
Sistema de capacitación 1ª etapa: diagnóstico. Plan de acción para el diagnóstico
260
|a
San José:
|b
OFIPLAN
300
|a
9 p.
999
|c
16339
|d
16339
相似書籍
Formulación de coonclusiones y recomendaciones de las comisiones de trabajo
Manual de funcionamiento del Subsistema de Planificación Sectorial. Creado por decreto ejecutivo n° 9644 de febrero de 1978
Lista de participantes
Intervenciones de Daniel Oduber Quirós e Israel Márquez /
由: Oduber Quirós, Daniel
La investigación-participativa como proceso de educación crítica. Lineamientos metodológicos
由: Le Boterf, Guy